<Der> Test

Salvato in:
Dettagli Bibliografici
Natura: Periodico
Lingua:tedesco
Pubblicazione: Stuttgart Stiftung Warentest 2000
Soggetti:
Tags: Aggiungi Tag
Nessun Tag, puoi essere il primo ad aggiungerne!!

MARC

LEADER 00000nas2a2200000 4500
001 s124883
005 20221221071750.7
022 |a 0040-3946 
041 0 |a ger 
044 |a DE 
245 1 0 |a <Der> Test 
264 1 |a Stuttgart  |b Stiftung Warentest  |c 2000 
300 |a 1 zv. 
773 0 |w eu_un_cat*s120627 
610 2 0 |a testovanie výrobkov 
610 2 0 |a tovaroznalectvo